| 000 | 00725nam a2200205 i 4500 | ||
|---|---|---|---|
| 001 | 44983 | ||
| 003 | ES-MaACL | ||
| 005 | 20251005063039.0 | ||
| 007 | t| | ||
| 008 | 030324s1870 xxk ||||1| eng d | ||
| 100 | 1 |
_aCobden, Richard, _d1804-1865 _939338 |
|
| 245 | 1 | 0 |
_aSpeeches on questions of public policy / _cby Richard Cobden ; edited by John Bright and James E. Thorold Rogers. |
| 260 |
_aLondon : _bMacmillan and Cº, _c1870. |
||
| 300 |
_a2 v. ; _c22 cm. |
||
| 650 | 1 | 4 |
_aLibre cambio- _zGran Bretaña. _9200702 |
| 700 | 1 |
_aBright, John ( _d1811-1889) _9144240 |
|
| 700 | 1 |
_aRogers, James E. Thorold _q(James Edwin Thorold), _d1823-1890 _9162683 |
|
| 852 |
_aES-MaACL _jC-2451-52 |
||
| 999 |
_c44983 _d44983 |
||